Statistiques concernant Les 10 villes les + peuplées par B.

Cliquez ici pour prendre le quiz!

Statistiques générales

  • Ce quiz a été pris 151 fois
  • Le résultat moyen est 6 sur 10

Statistiques - réponses

RéponsesPop.Pays% Correct
N°5Bagdad13 035 000I . . k
85%
N°1Bombay24 330 000I . . e
85%
N°8Boston8 285 000E . . . . - . . . s
75%
N°2Bangkok18 925 000T . . . . . . . e
68%
N°3Buenos Aires15 095 000A . . . . . . . e
62%
N°6Bogota10 985 000C . . . . . . e
52%
N°4Bengaluru / Bangalore13 180 000I . . e
46%
N°9Busan8 050 000C . . . . - . . - . . d
33%
N°7Bandung8 765 000I . . . . . . . e
30%
N°10Belo Horizonte5 915 000B . . . l
29%

Distribution des résultats

Percentile par nombre de réponses

% des personnes avec chaque résultat

Votre développement - résultats

Vous n’avez pas pris ce quiz